=LDR 00000nam 2200000 4500 =001 INLIS000000000028622 =005 20200305071458 =035 ##$$a 0010-061300000028622 =008 200305################g##########0#ind## =041 ##$$a Ind =082 ##$$a 297.64 =090 ##$$a 297.64, Jam m =100 ##$$a Jamal, Ibrahim Muhammad =245 1#$$a Mawar di bawah kaki Tuhan, : $b jejak-jejak wanita dalam al-quran dan sunnah antara solehah dan tolehah /$c Ibrahim Muhammad Jamal =260 ##$$a Jakarta :$b Sri gunting,$c 2006 =300 ##$$a xii, 194 hlm, ; $c 12 x 19 cm =650 #4$$a Wanita dan Islam =850 ##$$a NBPNMAT =084 ##$$a 297.64 JAM m =020 ##$$a 979-769-093-8 =990 ##$$a 0001/BPAP-NTB/20142014 =990 ##$$a 30709185 =990 ##$$a 30709/84/Hd-07 =990 ##$$a 30709184 =990 ##$$a 0001/BPAP-NTB/20142014 =990 ##$$a 30709185 =990 ##$$a 30709187 =990 ##$$a 30709185 =990 ##$$a 30709184 =990 ##$$a 30709185 =990 ##$$a 30709187 =990 ##$$a 30709184 =990 ##$$a 30709187 =990 ##$$a 30709185 =990 ##$$a 30709184 =990 ##$$a 30709184 =990 ##$$a 30709187 =990 ##$$a 30709185 =990 ##$$a 03660366 =990 ##$$a 3200700369 =990 ##$$a 30709187 =990 ##$$a 30709185 =990 ##$$a 30709184 =990 ##$$a 30709186 =990 ##$$a 30709187 =990 ##$$a 30709185 =990 ##$$a 30709184 =990 ##$$a 3200700369